NBA Players with Hyphenated Last Names - Statistics

General Stats
  • This quiz has been taken 277 times
    61 since last reset
  • The average score is 12 of 36
Answer Stats
Hint Answer % Correct
Kareem AJ Abdul-Jabbar
100%
Shai GA Gilgeous-Alexander
89%
Kentavoius CP Caldwell-Pope
87%
Michael CW Carter-Williams
73%
Dorian FS Finney-Smith
73%
Nickeil AW Alexander-Walker
65%
Talen HT Horton-Tucker
65%
Rondae HJ Hollis-Jefferson
62%
Willie CS Cauley-Stein
58%
Michael KG Kidd-Gilchrist
56%
Trayce JD Jackson-Davis
55%
Shareef AR Abdur-Rahim
53%
Mahmoud AR Abdul-Rauf
51%
Keita BD Bates-Diop
38%
Jalen HS Hood-Schifino
36%
Juan TA Toscano-Anderson
33%
Collin MB Murray-Boyles
31%
Timothe LC Luwawu-Cabarrot
29%
Jeremiah RE Robinson-Earl
25%
Khalid EA El-Amin
15%
Tariq AW Abdul-Wahad
13%
Nigel WG Williams-Goss
13%
Chris DR Douglas-Roberts
11%
Pops MB Mensah-Bonsu
11%
Ruben BB Boumtje-Boumtje
9%
Naz ML Mitrou-Long
9%
DeVaughn AP Akoon-Purcell
7%
Bryce DJ Dejean-Jones
7%
Javon FL Freeman-Liberty
7%
Didier IM Ilunga-Mbenga
7%
Xavier RM Rathan-Mayes
7%
Darius JO Johnson-Odom
5%
Ha SJ Seung-Jin
5%
Marcus GH Georges-Hunt
4%
Trey MJ McKinney-Jones
4%
Justin WF Wright-Foreman
4%
No matching quizzes found
Score Distribution
Percent of People with Each Score
Percentile by Number Answered
Your Score History
You have not taken this quiz since the last reset